El Agro: el gobierno retoma la iniciativa
Señala que, por medio de presiones de los grupos de productores, se logró que el gobierno presentara una propuesta de política agraria. A la par se hizo pública la estrategia de diálogo bilateral con organizaciones de productores, algunas de las cuales tienen respuestas congruentes a las iniciativas...
Uloženo v:
| Médium: | Text |
|---|---|
| Témata: | |
| Tagy: |
Přidat tag
Žádné tagy, Buďte první, kdo vytvoří štítek k tomuto záznamu!
|
MARC
| LEADER | 00000 a a2200000 04500 | ||
|---|---|---|---|
| 001 | 3943 | ||
| 003 | |||
| 040 | |||
| 245 | |a El Agro: |b el gobierno retoma la iniciativa | ||
| 520 | |a Señala que, por medio de presiones de los grupos de productores, se logró que el gobierno presentara una propuesta de política agraria. A la par se hizo pública la estrategia de diálogo bilateral con organizaciones de productores, algunas de las cuales tienen respuestas congruentes a las iniciativas del gobierno, como es el caso de UPAGRA, institución con fuerza local y capacidad organizativa y de acción. De esta manera, se lograron proyectos favorables para los productores, como la Comisión Nacional del Maíz, la aprobación de la Ley FODEA y el Programa "Un Diálogo Permanente" donde se aprueban muchas medidas favorables para los productores. LOB/mb | ||
| 650 | |a AGRICULTURA | ||
| 650 | |a POLITICA AGRARIA | ||
| 650 | |a PRODUCTORES | ||
| 650 | |a ORGANIZACIONES DE TRABAJADORES | ||
| 650 | |a MERCADO | ||
| 650 | |a MINISTERIO DE AGRICULTURA Y GANADERIA, CR | ||
| 773 | |g número 20; páginas 26-28. | ||
| 999 | |c 39534 |d 39534 | ||
